F1 Podiums 2019 - Statistics

General Stats
  • This quiz has been taken 863 times
  • The average score is 8 of 9
Answer Stats
Answer % Correct
Lewis Hamilton
100%
Max Verstappen
99%
Sebastian Vettel
99%
Valtteri Bottas
98%
Charles Leclerc
97%
Pierre Gasly
91%
Carlos Sainz Jr.
89%
Daniil Kvyat
72%
Kevin Magnussen
60%
No matching quizzes found
Score Distribution
Percent of People with Each Score
Percentile by Number Answered
Your Score History
You have not taken this quiz